000 01345cam a22002294a 4500
005 20250605164041.0
008 250528s ||||||||||||||||||||||||d
035 _a16973
020 _a415063698
040 _aGR-AtMCL
_bgre
_dGR-AtMCL
_eAACR2
245 1 _aRock and Popular Music / Politics, Policies, Intitutions
260 _bRouledge,
_c1993
300 _a306
520 _aA unique collection suggesting significant new directions for the study of contemporary popular music. Preface, Acknowledgements, Introduction, Government and Rock, Popular Music and the Local State, Popular Music Policy: A Contested Area - The Dutch Experience, The English Canadian Recording Industry Since 1970, Making Music Local, Broadcasting: Music and Policies and Cultures and Communities, Radio Space and Industrial Time: The Case of Music Formats, Policing French-Language Music on Canadian Radio: The Twilight of the Popular Record Era?, Rock and Politics, Feminist Musical Practice: Problems and Contradictions, The Framing of Rock: Rock and the New Conservatism, Beat in the System, Aboriginal Rock Music: Space and Place, Name and Subject Index.
700 1 _aBennett Tony
_93092
700 1 _aCrossberg Lawrence
_9647
700 1 _aFrith Simon
_93093
700 1 _aShepherd John
_93094
942 _cBK
999 _c2416
_d2416